000 00955cam a22003014a 4500
001 14716405
005 20180124035742.0
008 070126s2008 nyua b 001 0 eng
010 _a 2007003672
016 7 _a101298236
_2DNLM
020 _a1418048739 (alk. paper)
035 _a(OCoLC)ocm81942523
035 _a(OCoLC)81942523
_z(OCoLC)174094003
040 _aDNLM/DLC
_cDLC
_dNLM
_dBAKER
_dBTCTA
_dYDXCP
_dYDX
_dOCLCQ
_dDLC
041 _aeng
042 _apcc
060 0 0 _a2007 J-884
060 1 0 _aWU 90
_bP572d 2008
080 _a617.60233 don
082 0 0 _a617.60233 don
_222
100 1 _a5
101 _asto
245 1 0 _aDental assisting :
_cDonna J. Phinney, Judy H. Halstead.
504 _aIncludes bibliographical references (p. 977-980) and index.
906 _a7
_bcbc
_corignew
_d1
_eecip
_f20
_gy-gencatlg
942 _2ddc
_cBK
999 _c40828
_d40828